000 01171nam2a22002291 4500
001 RU\NLR\A1SV\96032
005 20251203152403.2
035 _a(NLR Aleph) 009777385
090 _a13485155
_c13485155
100 _a20090626d1926 u y0rusy50 ca
101 0 _arus
200 1 _a[XVII и [начало] XVIII века]
210 _d1926
215 _aVI, 264, [1] с.
300 _aНа тит. л. загл.: Этюды по истории приволжских калмыков XVII и XVIII века
461 1 _1001RU\NLR\A1SV\96031
_12000#$aЭтюды по истории приволжских калмыков$fПроф. Н.Н.Пальмов$vЧ.1
_1700#1$aПальмов$bН.Н.$f1872-1934$gНиколай Николаевич
_910080935
_aПальмов, Н.Н. (1872-1934)
_cАстрахань
_d1926-1932
_fПроф. Н.Н.Пальмов
_nКалмыц. обл. испол. ком.
_tЭтюды по истории приволжских калмыков
_vЧ.1
513 1 _aЭтюды по истории приволжских калмыков XVII и XVIII века
801 0 _aRU
_bNLR
_c20090626
942 _cBOOK
980 _aA1SV
980 _aNB